Alle Länder mit B - Statistiken

Allgemein
  • Dieses Quiz wurde 300 mal gespielt
  • Das Durchschnittsergebnis liegt bei 12 aus 17
Antwortstatistiken
Nr Antwort % Korrekt
6 Belgien
97%
13 Brasilien
79%
15 Bulgarien
79%
10 Bolivien
74%
3 Bangladesch
73%
9 Bhutan
72%
4 Barbados
71%
7 Belize
69%
1 Bahamas
67%
5 Belarus
66%
2 Bahrain
64%
8 Benin
64%
12 Botswana
64%
14 Brunei
63%
17 Burundi
62%
16 Burkina Faso
55%
11 Bosnien und Herzegowina
44%
Keine übereinstimmenden Quizze gefunden
Verteilung der Resultate
Anzahl Personen mit jedem Resultat
Perzentil nach korrekt beantworteten Fragen
Ihre Resultats-Entwicklung
Sie haben dieses Quiz noch nicht gespielt